000 00459cam a2200145 4500500
005 20260329003535.0
041 _afre
042 _adc
100 1 0 _aUngerer, Tomi
_eauthor
245 0 0 _aLe vivre(-)ensemble. Le pire du Bien
260 _c2016.
500 _a80
786 0 _nPhilosophie magazine | 96 | 2 | 2016-02-01 | p. 4-4 | 1951-1787
856 4 1 _uhttps://shs.cairn.info/magazine-philosophie-magazine-2016-2-page-4?lang=fr&redirect-ssocas=7080
999 _c1825432
_d1825432